00350nam a2200121Ia 450000500170000000800410001708200130005810000170007124500310008826000620011930000130018150000340019420250509070741.0240331s9999 xx 000 0 und d bMAHa894 aMahendran, K 0aValvu oru valaippanthaddam aTellippalaibLyceum of Literary & Aesthetic Studiesc1997 a136 p ., aA collection of Short Stories